| 000 | 00421nam a2200145 i 4500 | ||
|---|---|---|---|
| 001 | bg | ||
| 100 | 1 | _aSANDERS, T. R. B. | |
| 245 | 0 |
_aCele i zasady normalizacji / _cT.R.B. Sanders. |
|
| 260 |
_aWarszawa, _c1980. |
||
| 040 | _cBPK | ||
| 041 | _apol | ||
| 942 | _cKS | ||
| 008 | s pl f |000 0 pol | ||
| 856 |
_uhttp://koha.tu.koszalin.pl/cgi-bin/koha/opac-detail.pl?biblionumber=19733 _yKatalog online BPK |
||
| 999 |
_c19733 _d19733 |
||